|
|
|
|
| LEADER |
01657nim a22003734a 4500 |
| 001 |
7831 |
| 003 |
BD-DhAAL |
| 005 |
20150713112802.0 |
| 007 |
sd|fsnennmmned |
| 008 |
150713r20041982nyunnn f| eng |
| 010 |
|
|
|a 2005580816
|
| 020 |
|
|
|a 0340329629
|
| 020 |
|
|
|a 1593974124
|
| 040 |
|
|
|a DLC
|c DLC
|d DLC
|d BD-DhAAL
|
| 050 |
0 |
0 |
|a SDB 71671
|
| 082 |
|
|
|a 813/.54
|
| 100 |
1 |
|
|a Archer, Jeffrey,
|d 1940-
|9 12890
|
| 245 |
1 |
4 |
|a The prodigal daughter /
|c Jeffrey Archer.
|
| 260 |
|
|
|a New York, NY :
|a Hodder and Stoughton :
|b Audio Renaissance,
|b Coronet Books,
|c p 1982.
|
| 300 |
|
|
|a 464 p. :
|c 18 cm.
|
| 500 |
|
|
|a Abridged.
|
| 500 |
|
|
|a Originally published in 1982.
|
| 500 |
|
|
|a Compact disc.
|
| 511 |
0 |
|
|a Read by Lorelei King.
|
| 520 |
|
|
|a Florentyna Kane inherited from her immigrant father a vast hotel empire and a love for America. She finds fulfillment in love and family along the path to power, moving just a heartbeat away from her ultimate goal-- becoming the first female president of the United States. But she discovers that the price of power may be more than she is willing to pay.
|
| 541 |
|
|
|e 7831
|
| 650 |
|
0 |
|a Businesswomen
|v Fiction.
|9 13218
|
| 650 |
|
0 |
|a Capitalists and financiers
|z Illinois
|z Chicago
|v Fiction.
|9 13219
|
| 650 |
|
0 |
|a Presidential candidates
|z United States
|v Fiction.
|9 13220
|
| 650 |
|
0 |
|a Women
|x Political activity
|z United States
|v Fiction.
|9 13221
|
| 700 |
1 |
|
|a King, Lorelei.
|4 nrt
|9 13222
|
| 942 |
|
|
|2 ddc
|c BK
|
| 999 |
|
|
|c 35064
|d 35064
|
| 952 |
|
|
|0 0
|1 0
|2 ddc
|4 0
|6 813_540000000000000_ARC
|7 0
|9 54949
|a SCL
|b SCL
|c GEN
|d 2015-07-13
|e Gift
|l 2
|m 6
|o 813.54 ARC
|p 3020007831
|r 2019-06-16
|s 2019-05-16
|t 1
|w 2015-07-13
|y BK
|